| 000 | 00920nam a22002417a 4500 | ||
|---|---|---|---|
| 003 | BCEG | ||
| 005 | 20260325115853.0 | ||
| 008 | 260325s2008 mx|||||| |||| 00| 0 spa d | ||
| 020 | _a9789680303854 | ||
| 040 |
_aBCEG _bspa _cBCEG |
||
| 082 | 0 | 4 |
_a333.95972 _bB669p |
| 100 | 1 |
_aBoege, Eckart, _d1946-. |
|
| 245 | 1 | 3 |
_aEl patrimonio biocultural de los pueblos indígenas de México _b: hacia la conservación in situ de la biodiversidad y agrodiversidad de los territorios indígenas. |
| 260 |
_aMéxico : _bInstituto Nacional de Antropología e Historia : _bComisión Nacional para el Desarrollo de los Pueblos Indígenas, _c2008. |
||
| 300 |
_a342 p. _b: fots. |
||
| 504 | _aIncluye bibliografía. | ||
| 541 | _aCompra. | ||
| 650 | 1 | 4 |
_aPatrimonio biocultural _zMéxico. |
| 650 | 1 | 4 |
_aConservación de la biodiversidad _zMéxico. |
| 650 | 1 | 4 |
_aMedio ambiente _zMéxico. |
| 650 | 1 | 4 | _aIndios de México. |
| 942 | _cBK | ||
| 999 |
_c437134 _d437134 |
||